Los amigos

Salvato in:
Dettagli Bibliografici
Autore principale: Nunes, Lygia Bojunga (autora)
Natura: Libro
Lingua:spagnolo
Pubblicazione: Bogotá Norma 2002
Soggetti:
Tags: Aggiungi Tag
Nessun Tag, puoi essere il primo ad aggiungerne!!

MARC

LEADER 00000nam a2200000 a 4500
001 UCH9604
003 CL-VaPUC
008 100114e20020500CK |||||||||||||||||spa|d
020 |a 9580462623 
082 0 4 |a 869.3  |b NUN  |2 21 
100 |a Nunes, Lygia Bojunga  |e autora  |9 547535 
245 1 4 |a Los amigos 
300 |a 139 p 
942 |c BK 
945 |d 20100114 00:00:00  |a dcastane 
260 |a Bogotá  |b Norma  |c 2002 
650 0 |a Cuentos brasileños  |9 268434 
650 0 |a Literatura brasileña  |9 269433 
583 |a last modification  |c 20100114 00:00:00  |k Rodrigo Vera 
999 |c 339525  |d 339523